Histoire des idéologies
Guardat en:
| Autors principals: | , |
|---|---|
| Format: | Llibre |
| Idioma: | francès |
| Publicat: |
París
Hachette
1978
|
| Edició: | 1a. ed |
| Matèries: | |
| Etiquetes: |
Afegir etiqueta
Sense etiquetes, Sigues el primer a etiquetar aquest registre!
|
MARC
| LEADER | 00000cam a2200000 a 4500 | ||
|---|---|---|---|
| 001 | UCD4539 | ||
| 003 | CL-VaPUC | ||
| 008 | 160713e19780000fr |||||||||||||||||fre|d | ||
| 082 | 0 | 4 | |a 261.7 |b CHA |2 21 |
| 100 | |a Châtelet, François |e auteur |9 588262 | ||
| 700 | 0 | |a Mairet, Gerard |e author |9 588263 | |
| 245 | 1 | 0 | |a Histoire des idéologies |
| 250 | |a 1a. ed | ||
| 300 | |a v | ||
| 942 | |c BK | ||
| 945 | |d 20160713 20:53:00 |a dcastane | ||
| 260 | |a París |b Hachette |c 1978 | ||
| 500 | |a v.2: de l'eglise a l'etat du IXº au XVIIº siecle | ||
| 650 | 0 | |a Iglesia y Estado |9 254995 | |
| 650 | 7 | |a HISTORIA DE EUROPA SIGLO 10 |2 CL-VaPUC |9 440797 | |
| 650 | 7 | |a HISTORIA DE EUROPA SIGLO 17 |2 CL-VaPUC |9 379390 | |
| 583 | |a last modification |c 20160713 20:53:00 |k Rodrigo Vera | ||
| 999 | |c 365431 |d 365429 | ||
| 952 | |0 0 |1 0 |3 erb |4 0 |6 261_700000000000000_CHA_1978 |7 0 |8 A |9 479293 |a FDOHBE |b FDOHBE |e Huesbe Llanos, Marco Antonio, 1934- |h v.2 |i 5307503 |o 261.7 CHA 1978 |p 5307503 |r 2024-01-30 |w 2019-11-24 |y BK |z Catalogado en:20160713 |k HBE | ||